<?xml version="1.0" encoding="UTF-8"?>
<collection xmlns="http://www.loc.gov/MARC21/slim">
  <record>
    <leader>00000nam  2200000   4500</leader>
    <controlfield tag="001">INLIS000000000003264</controlfield>
    <controlfield tag="005">20190325092608</controlfield>
    <datafield tag="035" ind1="#" ind2="#">
      <subfield code="a">0010-0718003264</subfield>
    </datafield>
    <controlfield tag="008">190325################g##########0#ind##</controlfield>
    <datafield tag="041" ind1=" " ind2=" ">
      <subfield code="a">id</subfield>
    </datafield>
    <datafield tag="082" ind1="#" ind2="#">
      <subfield code="a">R.080</subfield>
    </datafield>
    <datafield tag="090" ind1=" " ind2=" ">
      <subfield code="a">R.080 Lem.a</subfield>
    </datafield>
    <datafield tag="100" ind1=" " ind2="#">
      <subfield code="a">bidang Perpustakaan LAN</subfield>
    </datafield>
    <datafield tag="245" ind1="1" ind2="#">
      <subfield code="a">Abstraksi Bahan Pustaka /</subfield>
      <subfield code="c">Bidang Perpustakaan LAN</subfield>
    </datafield>
    <datafield tag="260" ind1="#" ind2="#">
      <subfield code="a">Jakarta :</subfield>
      <subfield code="b">LAN Jakarta,</subfield>
      <subfield code="c">1993</subfield>
    </datafield>
    <datafield tag="650" ind1=" " ind2="#">
      <subfield code="a">Abstrak</subfield>
    </datafield>
    <datafield tag="084" ind1="#" ind2="#">
      <subfield code="a">R.080 BID a</subfield>
    </datafield>
    <datafield tag="250" ind1="#" ind2="#">
      <subfield code="a">Ed.1</subfield>
    </datafield>
    <datafield tag="300" ind1="#" ind2="#">
      <subfield code="a">221 hlm. ;</subfield>
      <subfield code="c">21 cm</subfield>
    </datafield>
    <datafield tag="520" ind1="#" ind2="#">
      <subfield code="a">Dalam rangka meningkatkan pelayanan informasi perpustakaan, Bidang Perpustakaan Lembaga Administrasi Negara berupaya meningkatkan pelayanannya semaksimal mungkin agar dapat mendukung kebutuhan kepustakaan yang diperlukan oleh setiap pengguna Perpustakaan Lembaga Administrasi Negara. Upaya peningkatan pelayanan tersebut dilaksanakan dengan menerbitkan buku Abstraksi Bahan Pustaka yang merupakan kumpulan abstrak dari berbagai disiplin ilmu yang berkaitan dengan administrasi dan manajemen.</subfield>
    </datafield>
    <datafield tag="856" ind1="#" ind2="#">
      <subfield code="a">Perpustakaan Lembaga Administrasi Negara</subfield>
    </datafield>
    <datafield tag="990" ind1="#" ind2="#">
      <subfield code="a">130615363</subfield>
    </datafield>
  </record>
</collection>
